Wonderful alexander and the catwings / (Record no. 3555)
[ view plain ]
| 000 -LEADER | |
|---|---|
| fixed length control field | 00734nam a22002417a 4500 |
| 001 - CONTROL NUMBER | |
| control field | 3555 |
| 003 - CONTROL NUMBER IDENTIFIER | |
| control field | FISKH |
| 005 - DATE AND TIME OF LATEST TRANSACTION | |
| control field | 20240320104319.0 |
| 008 - FIXED-LENGTH DATA ELEMENTS--GENERAL INFORMATION | |
| fixed length control field | 240320b cb ||||| |||| 00| 0 eng d |
| 040 ## - CATALOGING SOURCE | |
| Original cataloging agency | FISK |
| Language of cataloging | eng |
| Transcribing agency | FISK |
| Modifying agency | FISK |
| 050 ## - LIBRARY OF CONGRESS CALL NUMBER | |
| Classification number | PZ7.L5215 |
| 082 ## - DEWEY DECIMAL CLASSIFICATION NUMBER | |
| Classification number | 813.5 |
| 100 ## - MAIN ENTRY--PERSONAL NAME | |
| Personal name | K. Le Guin Ursula |
| Dates associated with a name | 1929-2018 |
| 245 ## - TITLE STATEMENT | |
| Title | Wonderful alexander and the catwings / |
| Statement of responsibility, etc. | Ursula K. Le Guin |
| 260 ## - PUBLICATION, DISTRIBUTION, ETC. | |
| Place of publication, distribution, etc. | New York : |
| Name of publisher, distributor, etc. | Orchard Books, |
| Date of publication, distribution, etc. | 2006 |
| 300 ## - PHYSICAL DESCRIPTION | |
| Extent | 47 pages : |
| Dimensions | 18 cm |
| 505 ## - FORMATTED CONTENTS NOTE | |
| Formatted contents note | L |
| 520 ## - SUMMARY, ETC. | |
| Summary, etc. | After being rescued by a flying cat, Alexander the cat decides to make good on a promise to do wonderful things. |
| 521 8# - TARGET AUDIENCE NOTE | |
| Target audience note | 620 |
| Source | Lexile |
| 700 ## - ADDED ENTRY--PERSONAL NAME | |
| Personal name | Ursula K. Le Guin |
| 942 ## - ADDED ENTRY ELEMENTS (KOHA) | |
| Source of classification or shelving scheme | Dewey Decimal Classification |
| Koha item type | Books |
| Suppress in OPAC | No |
| Withdrawn status | Lost status | Source of classification or shelving scheme | Damaged status | Not for loan | Collection | Home library | Current library | Shelving location | Date acquired | Total Checkouts | Full call number | Barcode | Date last seen | Copy number | Price effective from | Koha item type |
|---|---|---|---|---|---|---|---|---|---|---|---|---|---|---|---|---|
| Dewey Decimal Classification | Fiction | Footprints International School Library Network Toul Kork Campus | Footprints International School Library Network Toul Kork Campus | 03/20/2024 | GUI PZ7.L5215 813.5 | 2024-0363 | 03/20/2024 | 1 | 03/20/2024 | Books |
